Opening a restaurant or other food business starter kit : (Record no. 4799)

MARC details
000 -LEADER
fixed length control field 00816nam a22002297a 4500
003 - CONTROL NUMBER IDENTIFIER
control field OSt
005 - DATE AND TIME OF LATEST TRANSACTION
control field 20251024014048.0
008 - FIXED-LENGTH DATA ELEMENTS--GENERAL INFORMATION
fixed length control field 251010b |||||||| |||| 00| 0 eng d
020 ## - INTERNATIONAL STANDARD BOOK NUMBER
International Standard Book Number 0-910627-36-3.
040 ## - CATALOGING SOURCE
Original cataloging agency DWCL-Main lib
Transcribing agency OC
082 ## - DEWEY DECIMAL CLASSIFICATION NUMBER
Classification number Circ. 647.95068 F965o 2005
100 ## - MAIN ENTRY--PERSONAL NAME
Personal name Fullen, Sharon
245 ## - TITLE STATEMENT
Title Opening a restaurant or other food business starter kit :
Remainder of title how to prepare a restaurant business plan & feasibility study : with companion CD-ROM
260 ## - PUBLICATION, DISTRIBUTION, ETC.
Place of publication, distribution, etc. Ocal, Florida :
Name of publisher, distributor, etc. Atlantic Pub. Group Inc.,
Date of publication, distribution, etc. c2005.
300 ## - PHYSICAL DESCRIPTION
Extent 284 pages :
Other physical details illustration ;
Dimensions 23 cm.
504 ## - BIBLIOGRAPHY, ETC. NOTE
Bibliography, etc. note Includes index.
650 ## - SUBJECT ADDED ENTRY--TOPICAL TERM
Source of heading or term 1. New business enterprise-Management.
650 ## - SUBJECT ADDED ENTRY--TOPICAL TERM
Source of heading or term 2. Restaurant management.
650 ## - SUBJECT ADDED ENTRY--TOPICAL TERM
Source of heading or term 3. Restaurants.
650 ## - SUBJECT ADDED ENTRY--TOPICAL TERM
Source of heading or term 4. Small business-Management.
942 ## - ADDED ENTRY ELEMENTS (KOHA)
Source of classification or shelving scheme Dewey Decimal Classification
Koha item type Book Circulation
Call number prefix Circ.
Suppress in OPAC No
952 ## - LOCATION AND ITEM INFORMATION (KOHA)
--
Holdings
Withdrawn status Lost status Source of classification or shelving scheme Damaged status Not for loan Home library Current library Shelving location Date acquired Source of acquisition Total Checkouts Full call number Barcode Date last seen Copy number Price effective from Koha item type Uniform Resource Identifier
    Dewey Decimal Classification     HM & Nursing Library HM & Nursing Library Circulation 12/13/2008 School Fund   Circ. 647.95068 F965o 2005 46447 10/10/2025 c1 10/10/2025 BK-CIRC